The noble scholar, jurist, historian


 His Excellency Dr. Abdul Wahhab bin Ibrahim Abu Sulaiman, may Allah have mercy on him.


 He was born in Umm Al-Qura in the year 1356 AH.

مملكة قيدار : (Record no. 13632)

MARC details
000 -LEADER
fixed length control field 03536cam a2200361 i 4500
003 - CONTROL NUMBER IDENTIFIER
control field SA-RiAUC
005 - DATE AND TIME OF LATEST TRANSACTION
control field 20251222124814.0
008 - FIXED-LENGTH DATA ELEMENTS--GENERAL INFORMATION
fixed length control field 251201s2011____su a g b f000 0 ara c
020 ## - INTERNATIONAL STANDARD BOOK NUMBER
International Standard Book Number 9789960000428
024 0# - OTHER STANDARD IDENTIFIER
Standard number or code 00000000766373
040 ## - CATALOGING SOURCE
Original cataloging agency SA-RiKAPL
Language of cataloging ara
Transcribing agency SA-RiAUC
Modifying agency AE-DuMBRL
Description conventions rda
043 ## - GEOGRAPHIC AREA CODE
Geographic area code ar-----
050 #4 - LIBRARY OF CONGRESS CALL NUMBER
Item number .T87 2011
082 04 - DEWEY DECIMAL CLASSIFICATION NUMBER
Classification number 939.49
Assigning agency SA-RiAUC
090 ## - LOCALLY ASSIGNED LC-TYPE CALL NUMBER (OCLC); LOCAL CALL NUMBER (RLIN)
Classification number (OCLC) (R) ; Classification number, CALL (RLIN) (NR) 939.49
Local cutter number (OCLC) ; Book number/undivided call number, CALL (RLIN) ت ر ك
100 1# - MAIN ENTRY--PERSONAL NAME
Personal name التركي، هند محمد تركي
Relator term مؤلف.
245 10 - TITLE STATEMENT
Title مملكة قيدار :
Remainder of title دراسة في التاريخ السياسي والحضاري خلال الألف الأول ق. م. /
Statement of responsibility, etc. تأليف د. هند بنت محمد التركي.
250 ## - EDITION STATEMENT
Edition statement الطبعة الأولى.
264 #1 - PRODUCTION, PUBLICATION, DISTRIBUTION, MANUFACTURE, AND COPYRIGHT NOTICE
Place of production, publication, distribution, manufacture الرياض :
Name of producer, publisher, distributor, manufacturer مكتبة الملك فهد الوطنية،
Date of production, publication, distribution, manufacture, or copyright notice 2011.
300 ## - PHYSICAL DESCRIPTION
Extent 185 صفحة :
Other physical details إيضاحيات ؛
Dimensions 24 × 17 سم
336 ## - CONTENT TYPE
Content type term نص
Content type code txt
Source rdacontent
Materials specified كتاب
337 ## - MEDIA TYPE
Media type term بدون وسيط
Media type code n
Source rdamedia
338 ## - CARRIER TYPE
Carrier type term مجلد
Carrier type code nc
Source rdacarrier
500 ## - GENERAL NOTE
General note ملاحق : صفحة 139-170.
504 ## - BIBLIOGRAPHY, ETC. NOTE
Bibliography, etc. note ببليوجرافية : صفحة 171-185.
504 ## - BIBLIOGRAPHY, ETC. NOTE
Bibliography, etc. note يشتمل على إرجاعات ببيلوجرافية.
520 ## - SUMMARY, ETC.
Summary, etc. يعني هذا الكتاب بدراسة التاريخ السياسي والحضاري لمملكة قيدار مع توضيح الأوضاع السياسية في شمال الجزيرة العربية خلال الألف الأول قبل الميلاد، بالإضافة إلى تسليط الضوء على أبرز الكيانات السياسية ومستعرضا أهم المراكز الحضارية مع تحديد النطاق المكاني للقيداريين والأوضاع العامة لهم، حيث أنه من خلال قراءة المصادر والحوليات الآشورية والبابلية التي تحدثت عن منطقة شمال غرب شبه الجزيرة تنبئ عن ظهور عدد من الممالك القوية التي قامت منذ مطلع الألف الأول قبل الميلاد، وكان لها دورها السياسي والاقتصادي والحضاري في تاريخ المنطقة ومن بينها مملكة قيدار التي كانت أهم الممالك التي تردد ذكرها في المصادر التاريخية، إذ لا تكاد حوليات ملوك آشور التي تحدثت عن حملاتهم على شمال غرب شبه الجزيرة العربية تخلو من ذكر قيدار في متونها، فهي تشير إلى تزعم قيدار آنذاك صد السياسة التوسعية لحكام الدولة الآشورية والدفاع المتواصل عن مواردها الاقتصادية. ونظرا لما أدته مملكة قيدار بالنسبة لتاريخ العرب إجمالا وتاريخ الشعوب والقبائل العربية في شمال شبه الجزيرة العربية على وجه الخصوص. ومن ثم كان ولابد من توضيح تاريخ تلك المملكة السياسي والحضاري وعلاقتها مع الأشوريين والبابليين وفق رؤية موضوعية تعتمد على رواية المصادر وتحليل مضامنيها واستنطاقها.
651 #7 - SUBJECT ADDED ENTRY--GEOGRAPHIC NAME
Geographic name قيدار (مملكة)
General subdivision تاريخ
Source of heading or term aucsh
651 #7 - SUBJECT ADDED ENTRY--GEOGRAPHIC NAME
Geographic name شبه الجزيرة العربية
General subdivision تاريخ قديم
Source of heading or term aucsh
651 #7 - SUBJECT ADDED ENTRY--GEOGRAPHIC NAME
Geographic name شبه الجزيرة العربية
General subdivision حضارة
Source of heading or term aucsh
942 ## - ADDED ENTRY ELEMENTS (KOHA)
Source of classification or shelving scheme Dewey Decimal Classification
Koha item type Books
Suppress in OPAC No
949 ## - LOCAL PROCESSING INFORMATION (OCLC)
a SA-JeALM
d 251201
u mohamedma123
n 1
Holdings
Withdrawn status Lost status Source of classification or shelving scheme Damaged status Not for loan Home library Current library Date acquired Total checkouts Full call number Barcode Date last seen Price effective from Koha item type
    Dewey Decimal Classification     DR AbdElwahab Library DR AbdElwahab Library 12/22/2025   939.49 ت ر ك 000021863 12/22/2025 12/22/2025 Books